| 000 | 00560nam a22001817a 4500 | ||
|---|---|---|---|
| 008 | 150520b xxu||||| |||| 00| 0 eng d | ||
| 020 | _a9780071459310 | ||
| 041 | 0 | _aeng | |
| 080 | _a658.5 | ||
| 100 | 1 | _aBund, Barbara. | |
| 245 | 1 | 4 |
_aThe outside-in corporation : _cBarbara E. Bund. |
| 250 | _a1st ed. | ||
| 260 |
_aNew York : _bMcGraw-Hill, _cc2006. |
||
| 300 |
_a339 p. : _bme il.; _c24 cm. |
||
| 650 | 0 | _aBurimet Njerëzore | |
| 650 | 0 | _aMarrëdhëniet me klientë | |
| 942 |
_2udc _cBK |
||
| 999 |
_c861 _d861 |
||